| 000 | 00497cam a2200169 a 4500 | ||
|---|---|---|---|
| 020 | _a9780136076636 | ||
| 020 | _a0136076637 | ||
| 050 | 0 | 0 |
_aQA76.62 _b.S42 2010 |
| 100 | 1 | _aSebesta, Robert W. | |
| 245 | 1 | 0 |
_aProgramming the World Wide Web / _cRobert W. Sebesta. |
| 250 | _a5th ed. | ||
| 260 |
_aBoston [USA] : _bAddison Wesley, _cc2010. |
||
| 300 | _axviii, 734 p. : | ||
| 500 | _aIncludes index. | ||
| 650 |
_xWorld wide web ; _xInternet programming ; _xWeb sites -- design. |
||
| 942 |
_2lcc _cGEN |
||
| 999 |
_c7524 _d7524 |
||